Sportifs Suisses - Mort Subite - Statistiques

Statistiques générales
  • Ce quiz a été pris 237 fois
    202 depuis la dernière actualisation
  • Le résultat moyen est 9 sur 24
Answers on the Grid
Answers color-coded by a green-red scale on the quiz's grid according to % correct below.
Roger Federer
Arnaud Vincent
Neel Jani
Vincent Vittoz
Alain Penz
Émile Allais
Stan Wawrinka
Sébastien Buemi
Dominique Aegerter
Jérémy Seewer
Xherdan Shaqiri
Loris Baz
Granit Xhaka
Randy Krummenacher
Robin Mulhausen
Simon Pernel
Mario Gavranović
Simon Ammann
Simon Eder
Tim Gajser
Didier Cuche
Beat Feuz
Benjamin Luthi
Thomas Luthi
Henri Duvillard
Javier Gomez
Pierre Morath
Quentin Fillon Maillet
Ciro Basadonna
Fabio Leimer
Gareth Bale
Loïc Meillard
Anton Shipulin
Silvan Zurbriggen
Thabo Sefolosha
Noah Dettwiler
 
Statistiques - réponses
Réponse % Correct
Roger Federer
93%
Stan Wawrinka
83%
Xherdan Shaqiri
83%
Granit Xhaka
80%
Thomas Luthi
51%
Didier Cuche
50%
Loïc Meillard
49%
Beat Feuz
45%
Mario Gavranović
43%
Sébastien Buemi
41%
Silvan Zurbriggen
39%
Simon Ammann
37%
Thabo Sefolosha
30%
Benjamin Luthi
28%
Dominique Aegerter
27%
Randy Krummenacher
24%
Fabio Leimer
21%
Noah Dettwiler
19%
Neel Jani
14%
Robin Mulhausen
14%
Jérémy Seewer
9%
Pierre Morath
9%
Ciro Basadonna
7%
Javier Gomez
7%
Aucun quiz correspondant
Distribution des résultats
% des personnes avec chaque résultat
Percentile par nombre de réponses
Votre historique - résultats
Vous n’avez pas pris ce quiz depuis la dernière actualisation